000 00297nam a22001337a 4500
008 171010b xxu||||| |||| 00| 0 eng d
020 _ax0000sy725
041 _aeng
080 _a316
100 _a50
101 _aSOC
245 _aWRITING FOR SOCIAL SCIENTISTS
_cBECKER, H.S
942 _2udc
_cBK
999 _c32909
_d32909